00864nam a22001935i 4500001000700000003000900007005001700016008004100033040003000074100005000104245015700154260008400311300003000395490002600425700004100451752002400492830002600516852012800542158491ES-MaACL20250911063558.0010612s1852 sp a |||| | spa d aCCPB | B bspa cCCPB | B2 aMagariños Cervantes, Alejandro, d1825-189310aCeliar b: leyenda americana en variedad de metros / cpor Alejandro Magariños Cervantes ; precedida de un discurso preliminar por Ventura de la Vega. aMadrid : b[s.n.], c1852 (festablecimiento tipográfico de F. de P. Mellado) a120 p. : bil. ; c27 cm.1 aBiblioteca española11aVega, Ventura de la,d1807-1865epr. aEspaña - dMadrid0 aBiblioteca española aES-MaACLjC-1880(6) z-- Enc. hol. z-- Legado M. de la Fuente q-- Falto de la cub. original z-- Enc. en un vol. facticio